[Event "Ruhrgebiet Regionalliga 1516"]
[Site "Germany"]
[Date "2015.11.15"]
[Round "3.2"]
[White "Torres Kuckel, Rafael"]
[Black "Luft, Dennis"]
[Result "1/2-1/2"]
[WhiteElo "2153"]
[BlackElo "2178"]
[PlyCount "59"]
[EventDate "2015.09.13"]
[EventType "team-tourn"]
[EventRounds "9"]
[EventCountry "GER"]
[SourceTitle "EXT 2022"]
[Source "ChessBase"]
[SourceDate "2021.10.06"]
[SourceVersion "1"]
[SourceVersionDate "2021.10.06"]
[SourceQuality "1"]
[WhiteTeam "Ahlen SV"]
[BlackTeam "Brackel SF"]
[WhiteTeamCountry "GER"]
[BlackTeamCountry "GER"]

1. e4 e5 2. Nf3 Nc6 3. d4 exd4 4. Bc4 Nf6 5. e5 d5 6. Bb5 Ne4 7. Nxd4 Bd7 8. Bxc6 bxc6 9. 0-0 Bc5 10. Be3 Qe7 11. Re1 0-0 12. f3 Ng5 13. f4 Ne4 14. Nd2 Nxd2 15. Qxd2 Bxd4 16. Qxd4 Bf5 17. Qc3 Qd7 18. Rad1 Rfe8 19. Rd2 Re6 20. Bc5 a6 21. Re3 Rg6 22. Rg3 Be4 23. Rxg6 hxg6 24. h3 g5 25. fxg5 Qf5 26. Be3 Re8 27. Rf2 Qxe5 28. Qxe5 Rxe5 29. Bf4 Re7 30. b4 1/2-1/2

[Event "Munsterland op 33rd"]
[Site "Senden"]
[Date "2015.10.17"]
[Round "9"]
[White "Torres Kuckel, Rafael"]
[Black "Boehm, Malte"]
[Result "1-0"]
[WhiteElo "2225"]
[BlackElo "2054"]
[PlyCount "131"]
[EventDate "2015.10.10"]
[EventType "swiss"]
[EventRounds "9"]
[EventCountry "GER"]
[SourceTitle "CBM 168 Extra"]
[Source "ChessBase"]
[SourceDate "2015.10.29"]
[SourceVersion "1"]
[SourceVersionDate "2015.10.29"]
[SourceQuality "1"]

1. e4 c5 2. Nf3 d6 3. Bc4 Nf6 4. d3 e6 5. Bb3 Be7 6. c3 0-0 7. 0-0 Nc6 8. Re1 b6 9. d4 cxd4 10. cxd4 e5 11. h3 h6 12. Nc3 a6 13. Be3 b5 14. a3 Bb7 15. Nd5 Nxd5 16. exd5 Nxd4 17. Bxd4 exd4 18. Nxd4 Bf6 19. Qd2 Re8 20. Rad1 Bxd4 21. Qxd4 Qg5 22. Re4 Rxe4 23. Qxe4 Qe5 24. Qxe5 dxe5 25. Re1 Rd8 26. Rxe5 Kf8 27. f3 f6 28. Re2 Rd7 29. Rd2 Ke7 30. Kf2 Kd6 31. Ke3 Re7+ 32. Kd4 f5 33. g3 Re5 34. f4 Re4+ 35. Kd3 Re1 36. Re2 Rxe2 37. Kxe2 Bxd5 38. Bc2 Be6 39. b4 Bd7 40. Ke3 Be6 41. Kd4 Bd7 42. Bd1 Bc6 43. Bh5 Bg2 44. h4 Bc6 45. Bf7 Bb7 46. Be8 Bc8 47. a4 bxa4 48. Bxa4 Be6 49. Bd1 Bd7 50. Bf3 Bc6 51. Bh5 Ba4 52. Bf7 Bc6 53. Bb3 Bf3 54. Bc2 g6 55. Bd3 Bb7 56. h5 gxh5 57. Bxf5 Bc6 58. Be4 Bb5 59. Bf3 h4 60. gxh4 Ke6 61. Be4 Kf6 62. Ke3 Bd7 63. Bd3 Bc8 64. Kd4 Ke6 65. Kc5 Kf6 66. Kb6 1-0

[Event "Ruhrgebiet Regionalliga 1516"]
[Site "Germany"]
[Date "2015.09.13"]
[Round "1.2"]
[White "Mancic, Ivan"]
[Black "Torres Kuckel, Rafael"]
[Result "1/2-1/2"]
[WhiteElo "2063"]
[BlackElo "2149"]
[PlyCount "66"]
[EventDate "2015.09.13"]
[EventType "team-tourn"]
[EventRounds "9"]
[EventCountry "GER"]
[SourceTitle "EXT 2022"]
[Source "ChessBase"]
[SourceDate "2021.10.06"]
[SourceVersion "1"]
[SourceVersionDate "2021.10.06"]
[SourceQuality "1"]
[WhiteTeam "Gladbeck SG"]
[BlackTeam "Ahlen SV"]
[WhiteTeamCountry "GER"]
[BlackTeamCountry "GER"]

1. d4 Nf6 2. c4 c5 3. d5 b5 4. cxb5 a6 5. bxa6 Bxa6 6. Nc3 d6 7. g3 g6 8. Bg2 Bg7 9. Nf3 0-0 10. 0-0 Nbd7 11. h3 Qa5 12. Ne1 Rab8 13. Nc2 Ne5 14. Na3 Rb4 15. Nc2 Rb7 16. Ne3 Nfd7 17. Qc2 Rfb8 18. Ned1 Nc4 19. Rb1 Rb4 20. Kh2 Nf6 21. Ne3 Nd7 22. Nxc4 Bxc4 23. b3 Ba6 24. Bd2 R4b7 25. Rfe1 Qa3 26. Bf1 c4 27. bxc4 Bxc4 28. Rxb7 Rxb7 29. Rb1 Rxb1 30. Nxb1 Qxa2 31. Qc1 Nb6 32. e4 Bxf1 33. Qxf1 Qc4 1/2-1/2

[Event "Ruhrgebiet Verbandsliga Gruppe 2 1415"]
[Site "Germany"]
[Date "2015.03.01"]
[Round "7.2"]
[White "Torres Kuckel, Rafael"]
[Black "Sicars, Thorsten"]
[Result "1/2-1/2"]
[WhiteElo "2173"]
[BlackElo "1966"]
[PlyCount "48"]
[EventDate "2014.09.21"]
[EventType "team-tourn"]
[EventRounds "9"]
[EventCountry "GER"]
[SourceTitle "EXT 2022"]
[Source "ChessBase"]
[SourceDate "2021.10.06"]
[SourceVersion "1"]
[SourceVersionDate "2021.10.06"]
[SourceQuality "1"]
[WhiteTeam "Ahlen SV"]
[BlackTeam "Wattenscheid SV III"]
[WhiteTeamCountry "GER"]
[BlackTeamCountry "GER"]

1. e4 c6 2. d4 d5 3. exd5 cxd5 4. c4 Nf6 5. Nc3 Nc6 6. Bg5 e6 7. Nf3 Be7 8. Bd3 dxc4 9. Bxc4 0-0 10. 0-0 Nd5 11. Ne4 Bxg5 12. Nexg5 Nf6 13. Qd3 Nb4 14. Qd2 Qd6 15. Ne5 b6 16. Rfe1 Nbd5 17. Rac1 Bb7 18. Bb3 Rac8 19. Rxc8 Bxc8 20. h3 Bb7 21. a3 h6 22. Ngf3 Rd8 23. Rd1 Ne7 24. Qe2 Be4 1/2-1/2

[Event "Ruhrgebiet Verbandsliga Gruppe 2 1415"]
[Site "Germany"]
[Date "2015.01.18"]
[Round "5"]
[White "Torres Kuckel, Rafael"]
[Black "Gierse, Heinz Dieter"]
[Result "1-0"]
[WhiteElo "2174"]
[BlackElo "1996"]
[PlyCount "77"]
[EventDate "2014.09.21"]
[EventType "team-tourn"]
[EventRounds "9"]
[EventCountry "GER"]
[SourceTitle "EXT 2022"]
[Source "ChessBase"]
[SourceDate "2021.10.06"]
[SourceVersion "1"]
[SourceVersionDate "2021.10.06"]
[SourceQuality "1"]
[WhiteTeam "Ahlen SV"]
[BlackTeam "Bottrop SV"]
[WhiteTeamCountry "GER"]
[BlackTeamCountry "GER"]

1. e4 d5 2. exd5 Nf6 3. c4 e6 4. Nf3 exd5 5. d4 Bb4+ 6. Nc3 0-0 7. Be2 dxc4 8. 0-0 Bg4 9. Bxc4 c5 10. a3 cxd4 11. Qxd4 Qxd4 12. Nxd4 Bc5 13. Be3 Nbd7 14. h3 Bh5 15. Rac1 Bg6 16. Rfd1 Nb6 17. Ba2 Rfd8 18. b4 Bf8 19. Ndb5 Rxd1+ 20. Rxd1 Rc8 21. Bd4 Ra8 22. g4 h6 23. f4 Nfd7 24. f5 Bh7 25. Bf2 Be7 26. Nd6 Bxd6 27. Rxd6 Kf8 28. Nd5 Bg8 29. Nxb6 Nxb6 30. Bc5 Ke8 31. Bxb6 axb6 32. Rxb6 Rxa3 33. Bd5 Rd3 34. Bg2 f6 35. Rxb7 Rd1+ 36. Kh2 Bf7 37. Bc6+ Kf8 38. b5 h5 39. g5 1-0

[Event "Unna op"]
[Site "Unna"]
[Date "2014.12.27"]
[Round "2"]
[White "Torres Kuckel, Rafael"]
[Black "Schoetz, Hans Joachim"]
[Result "1-0"]
[WhiteElo "2197"]
[BlackElo "1845"]
[PlyCount "89"]
[EventDate "2014.12.27"]
[EventType "swiss"]
[EventRounds "7"]
[EventCountry "GER"]
[SourceTitle "CBM 164 Extra"]
[Source "ChessBase"]
[SourceDate "2015.03.02"]
[SourceVersion "1"]
[SourceVersionDate "2015.03.02"]
[SourceQuality "1"]

1. e4 c5 2. Nf3 d6 3. c3 Nf6 4. Bd3 Qc7 5. h3 b6 6. 0-0 Bb7 7. Re1 Nbd7 8. Bc2 e6 9. d4 h6 10. Nbd2 0-0-0 11. a4 g5 12. a5 b5 13. a6 Bc6 14. Nb3 Rg8 15. Na5 Ba8 16. c4 b4 17. d5 e5 18. Ba4 g4 19. Nh4 gxh3 20. g3 Nb6 21. Bb5 Ng4 22. Nf5 h5 23. f3 Nf6 24. Kh2 Be7 25. Bc6 Bxc6 26. Nxc6 Rde8 27. Ncxe7+ Rxe7 28. Nxe7+ Qxe7 29. Qd3 Qd7 30. Rg1 h4 31. g4 Nh7 32. b3 f6 33. Bd2 Ng5 34. Be1 Qh7 35. Bf2 Nd7 36. Qe2 Nf8 37. Be3 Ng6 38. Rgf1 Qe7 39. Qd2 Rg7 40. Ra5 Qd8 41. Rb5 Rc7 42. Qf2 Qd7 43. Ra1 Kd8 44. Raa5 Ke7 45. Rb8 1-0

[Event "Unna op"]
[Site "Unna"]
[Date "2014.12.27"]
[Round "1"]
[White "Vorobyov, Boris"]
[Black "Torres Kuckel, Rafael"]
[Result "0-1"]
[WhiteElo "1598"]
[BlackElo "2197"]
[PlyCount "64"]
[EventDate "2014.12.27"]
[EventType "swiss"]
[EventRounds "7"]
[EventCountry "GER"]
[SourceTitle "CBM 164 Extra"]
[Source "ChessBase"]
[SourceDate "2015.03.02"]
[SourceVersion "1"]
[SourceVersionDate "2015.03.02"]
[SourceQuality "1"]

1. d4 Nf6 2. c4 c5 3. d5 b5 4. cxb5 a6 5. bxa6 d6 6. Nc3 Bxa6 7. Nf3 g6 8. e4 Bxf1 9. Kxf1 Bg7 10. g3 0-0 11. Kg2 Nbd7 12. Re1 Qa5 13. Qc2 Rab8 14. Bd2 Rb7 15. Na4 Qa6 16. b3 e6 17. dxe6 fxe6 18. Rac1 Qa8 19. Kg1 Ng4 20. Qc4 Qe8 21. h3 Nge5 22. Nxe5 Nxe5 23. Qa6 Nf3+ 24. Kh1 Rbf7 25. Be3 Nxe1 26. Rxe1 Qe7 27. Rd1 Bd4 28. Bh6 Rxf2 29. Bxf8 Qxf8 30. Qd3 Qf7 31. Rd2 Rxd2 32. Qxd2 Qf1+ 0-1

[Event "Ruhrgebiet Verbandsliga Gruppe 2 1415"]
[Site "Germany"]
[Date "2014.11.16"]
[Round "3"]
[White "Torres Kuckel, Rafael"]
[Black "Hoette, Philipp"]
[Result "1-0"]
[WhiteElo "2197"]
[BlackElo "2084"]
[PlyCount "120"]
[EventDate "2014.09.21"]
[EventType "team-tourn"]
[EventRounds "9"]
[EventCountry "GER"]
[SourceTitle "EXT 2022"]
[Source "ChessBase"]
[SourceDate "2021.10.06"]
[SourceVersion "1"]
[SourceVersionDate "2021.10.06"]
[SourceQuality "1"]
[WhiteTeam "Ahlen SV"]
[BlackTeam "Bochum SG III"]
[WhiteTeamCountry "GER"]
[BlackTeamCountry "GER"]

1. e4 c5 2. Nf3 d6 3. d4 cxd4 4. Qxd4 Nc6 5. Bb5 e6 6. Nc3 Qd7 7. Qd3 a6 8. Ba4 b5 9. Bb3 Bb7 10. Bf4 Rd8 11. 0-0 Nge7 12. a4 b4 13. Na2 Ng6 14. Bg5 Rb8 15. Rfe1 h6 16. Bd2 a5 17. Nd4 Nge5 18. Qe3 Ng4 19. Qd3 Nge5 20. Qe3 Nxd4 21. Qxd4 Ba6 22. Bf4 Nc6 23. Qd2 g5 24. Bg3 Be7 25. Rad1 Rd8 26. Qe3 Qc7 27. Rd2 h5 28. h3 h4 29. Bh2 Rb8 30. Red1 e5 31. Bd5 Nd8 32. c3 b3 33. Nc1 Bc4 34. Kh1 Ne6 35. Nd3 Rc8 36. f3 Rh6 37. Nf2 Rh8 38. Ng4 Bxd5 39. Rxd5 Nc5 40. Nxe5 Nxa4 41. R1d2 dxe5 42. Bxe5 Qb6 43. Bd4 Qh6 44. Bxh8 Qxh8 45. Qa7 Kf8 46. Qb7 Re8 47. Qxb3 Nc5 48. Qc4 Ne6 49. Rf5 Qh6 50. Rd7 Rd8 51. Qc6 Rxd7 52. Qxd7 Nd8 53. Rxa5 Qf6 54. Ra7 Bc5 55. Rc7 Bb6 56. e5 Qxe5 57. Qxd8+ Kg7 58. Rxf7+ Kxf7 59. Qxb6 Qe2 60. Qc7+ Kg6 1-0